000
00234nam a22000857a 4500
008
170603b xxu||||| |||| 00| 0 eng d
100
_9
3229
_a
Bhatia. R. L
245
_a
Stories from East and West
260
_a
New Delhi
_b
Arya Publication
_c
1998
999
_c
6543
_d
6543